000 00789nam a2200181Ia 4500
008 090711s9999 xx 000 0 und d
082 _b67187
100 _aगाला ध. रा. / गाला धीरेन
245 _aघरबसल्या इलाज लोहSाुंबक िSाकित्सा
260 _c1990
300 _a122
600 _aगाला ध. रा. / गाला धीरेन
630 _aघरबसल्या इलाज लोहSाुंबक िSाकित्सा
700 _aगाला ध. रा. / गाला धीरेन
700 _aजोशी कुमुद जोशी
730 _aघरबसल्या इलाज लोहSाुंबक िSाकित्सा
942 _cBOOK
999 _c312009
_d312009